Ekonomika firmy

Gespeichert in:
Bibliographische Detailangaben
1. Verfasser: Chajdiak, Jozef
Format: Buch
Sprache:Slowakisch
Veröffentlicht: Bratislava STATIS 2011
Schriftenreihe:Ekonomika firmy
Schlagworte:
Tags: Tag hinzufügen
Keine Tags, Fügen Sie das erste Tag hinzu!

MARC

LEADER 00000nam a2200000 4500
001 0233535
005 20230109114508.0
020 |a 978-80-85659-64-1 
041 0 |a slo 
044 |a SK 
245 1 0 |a Ekonomika firmy  |c Jozef Chajdiak 
264 1 |a Bratislava  |b STATIS  |c 2011 
300 |a 224 s. 
490 1 |a Ekonomika firmy 
830 0 |a Ekonomika firmy 
610 2 0 |a hospodárstvo podnikové 
610 2 0 |a produkcia 
610 2 0 |a ukazovatele produkcie 
610 2 0 |a analýza ekonomická 
610 2 0 |a analýza finančná 
610 2 0 |a rentabilita 
610 2 0 |a produktivita 
610 2 0 |a likvidita 
610 2 0 |a inflácia 
610 2 0 |a indexy cenové 
610 2 0 |a rady časové 
610 2 0 |a prognózovanie 
100 1 |a Chajdiak, Jozef